| 000 | 00456nam a2200181Ia 4500 | ||
|---|---|---|---|
| 008 | 220531s9999 xx 000 0 und d | ||
| 041 | _aeng | ||
| 082 |
_a- _bENG / SIN |
||
| 100 |
_aSinha, M. _984583 |
||
| 245 | _aEnglish language and Communication Skills | ||
| 250 | _a1ST | ||
| 260 |
_aJaipur _bYking Books _c2014 |
||
| 300 | _a205 | ||
| 542 | _d27-07-2018 | ||
| 650 |
_aLanguage _984584 |
||
| 906 |
_d2018-2019 _f12846 |
||
| 999 |
_c46536 _d46536 |
||